000 00862cab a2200265 4500
001 WB2918-35
008 090401t1993 xxu||||| |||| 00| 0 eng d
035 _a(Sirsi) u25351
041 _aeng
245 _aRICS acts on valuation study
260 _c1993
350 _a0
490 _aCSW - The Property Week
_v43(7) 13 May 1993, 6(1)
520 _aOwner-occupied property valuations are under consideration by the RICS asset valuation skills panel following research by Oxford Brookes and Reading universities: "Property management performance monitoring".
650 _aASSET VALUATION
650 _aB&Q
650 _aBARCLAYS BANK
650 _aCHARTWELL LAND
650 _aOWNER-OCCUPIED PROPERTY
650 _aROYAL MAIL PROPERTY HOLDINGS
650 _aWOOLWORTHS
690 _aRATING AND VALUATION
942 _n0
948 _c04/03/1997
999 _c17018
_d17018